23 लेखिकाएँ और राजेन्द्र यादव / (Record no. 26484)
[ view plain ]
| 000 -LEADER | |
|---|---|
| fixed length control field | 03476nam a22004337a 4500 |
| 005 - DATE AND TIME OF LATEST TRANSACTION | |
| control field | 20090516150656.0 |
| 008 - FIXED-LENGTH DATA ELEMENTS--GENERAL INFORMATION | |
| fixed length control field | 090516t xxu||||| |||| 00| f hin d |
| 010 ## - LCCN (DPL NO) | |
| LC control number | HIN-86517 |
| 020 ## - INTERNATIONAL STANDARD BOOK NUMBER | |
| International Standard Book Number | 9788190722131 |
| Terms of availability | 395.00 |
| 035 ## - SYSTEM CONTROL NUMBER | |
| System control number | HN-58863 |
| 035 ## - SYSTEM CONTROL NUMBER | |
| System control number | B-353572-580 |
| 037 ## - SOURCE OF ACQUISITION | |
| Source of stock number/acquisition | किताबघर प्रकाशन |
| 037 ## - SOURCE OF ACQUISITION | |
| Source of stock number/acquisition | DBAD / PUB |
| 040 ## - CATALOGING SOURCE | |
| Original cataloging agency | dpl |
| Language of cataloging | hn |
| 082 ## - DEWEY DECIMAL CLASSIFICATION NUMBER | |
| Classification number | 808.883 |
| 245 ## - TITLE STATEMENT | |
| Title | 23 लेखिकाएँ और राजेन्द्र यादव / |
| Statement of responsibility, etc | गीताश्री द्वारा संपादित |
| 246 ## - VARYING FORM OF TITLE | |
| Title proper/short title | 23 lekhikaayen aura Rajendra Yadav |
| Remainder of title | edited by Geetashree |
| 260 ## - PUBLICATION, DISTRIBUTION, ETC. (IMPRINT) | |
| Place of publication, distribution, etc | नयी दिल्ली |
| Name of publisher, distributor, etc | किताबघर प्रकाशन |
| Date of publication, distribution, etc | 2009 |
| 270 ## - ADDRESS | |
| Address | 4855-56य24,अंसारी रोड़, दरियागंज |
| City | नयी दिल्ली |
| Postal code | 110002 |
| 300 ## - PHYSICAL DESCRIPTION | |
| Extent | 319 पृ. |
| Dimensions | 22सेमी (सजिल्द) |
| 600 ## - SUBJECT ADDED ENTRY--PERSONAL NAME | |
| Personal name | यादव, राजेन्द्र |
| 600 ## - SUBJECT ADDED ENTRY--PERSONAL NAME | |
| Personal name | Yadav, Rajendra |
| 600 ## - SUBJECT ADDED ENTRY--PERSONAL NAME | |
| Personal name | Yadav, Rajendra |
| 650 ## - SUBJECT ADDED ENTRY--TOPICAL TERM | |
| Topical term or geographic name as entry element | स्मृति |
| 650 ## - SUBJECT ADDED ENTRY--TOPICAL TERM | |
| Topical term or geographic name as entry element | Memory |
| 700 ## - ADDED ENTRY--PERSONAL NAME | |
| Personal name | गीताश्री |
| 942 ## - ADDED ENTRY ELEMENTS (KOHA) | |
| Source of classification or shelving scheme | Dewey Decimal Classification |
| Item type | Hindi Books |
| Call number suffix | तेईस |
| Classification part | 808.883 |
| Withdrawn status | Lost status | Source of classification or shelving scheme | Damaged status | Not for loan | Home library | Current library | Date acquired | Source of acquisition | Cost, normal purchase price | Total Checkouts | Full call number | Barcode | Date last seen | Copy number | Cost, replacement price | Koha item type | Collection code |
|---|---|---|---|---|---|---|---|---|---|---|---|---|---|---|---|---|---|
| Dewey Decimal Classification | Central Library | Central Library | 09/10/2009 | 5099/27.7.09/38/11.7.09/29.7.09 | 395.00 | 2 | 808.883 तेईस | B-353572 | 17/07/2018 | 1 | 395.00 | Hindi Books | Non-fiction | ||||
| Dewey Decimal Classification | Not For Loan | D.B.Act.Division | D.B.Act.Division | 16/05/2009 | DBAD / PUB | 395.00 | 808.883 तेईस | HN-58863 | 16/05/2009 | 1 | 395.00 | Hindi Books | |||||
| Dewey Decimal Classification | Janak Puri | Janak Puri | 09/10/2009 | 5099/27.7.09/38/11.7.09/29.7.09 | 395.00 | 7 | 808.883 तेईस | B-353574 | 06/02/2018 | 1 | 395.00 | Hindi Books | Non-fiction | ||||
| Dewey Decimal Classification | Karol Bagh | Karol Bagh | 09/10/2009 | 5099/27.7.09/38/11.7.09/29.7.09 | 395.00 | 808.883 तेईस | B-353577 | 09/10/2009 | 1 | 395.00 | Hindi Books | Non-fiction | |||||
| Dewey Decimal Classification | Patel Nagar | Patel Nagar | 09/10/2009 | 5099/27.7.09/38/11.7.09/29.7.09 | 395.00 | 808.883 तेईस | B-353573 | 09/10/2009 | 1 | 395.00 | Hindi Books | Non-fiction | |||||
| Dewey Decimal Classification | Sarojini Nagar | Sarojini Nagar | 09/10/2009 | 5099/27.7.09/38/11.7.09/29.7.09 | 395.00 | 1 | 808.883 तेईस | B-353575 | 20/02/2026 | 1 | 395.00 | Hindi Books | Non-fiction | ||||
| Dewey Decimal Classification | Shahdara Branch | Shahdara Branch | 09/10/2009 | 5099/27.7.09/38/11.7.09/29.7.09 | 395.00 | 808.883 तेईस | B-353578 | 09/10/2009 | 1 | 395.00 | Hindi Books | Non-fiction | |||||
| Dewey Decimal Classification | Vigyan Vihar | Vigyan Vihar | 09/10/2009 | 5099/27.7.09/38/11.7.09/29.7.09 | 395.00 | 808.883 तेईस | B-353580 | 09/10/2009 | 1 | 395.00 | Hindi Books | Non-fiction | |||||
| Dewey Decimal Classification | Vinoba Puri | Vinoba Puri | 09/10/2009 | 5099/27.7.09/38/11.7.09/29.7.09 | 395.00 | 1 | 808.883 तेईस | B-353576 | 03/01/2011 | 1 | 395.00 | Hindi Books | Non-fiction | ||||
| Dewey Decimal Classification | Yojana Vihar | Yojana Vihar | 09/10/2009 | 5099/27.7.09/38/11.7.09/29.7.09 | 395.00 | 808.883 तेईस | B-353579 | 09/10/2009 | 1 | 395.00 | Hindi Books | Non-fiction |
